=LDR 00000nam 2200000 4500 =001 INLIS000000000034768 =005 20130612140649 =008 ***********************************ind** =035 ##$$a0010-061300000034768 =041 ##$$a ind =082 ##$$a 813 =090 ##$$a 813, Kin l =100 ##$$a Kinoysan =245 ##$$a Lautan Cinta, Kinoysan,hartono;Penyunting,Birulaut =260 ##$$a 2008 $b Depok =300 ##$$a xi,208 hlm, Ilus, 20,5 Cm =650 ##$$a Fiksi Indonesia =700 ##$$a Hartono =850 ##$$a NBPNMAT =990 ##$$a 92819/BPAP-NTB/2014